Comida de África - ¡Muerte Súbita! - Estadísticas

Estadísticas generales
  • Esta prueba ha sido intentada 47 veces
  • La puntuación promedio es 3 de 16
Answers on the Grid
Answers color-coded by a green-red scale on the quiz's grid according to % correct below.
Tayín
Injera y wot
Pelau
Ravioli
Calulu
Ndolé
Shakshuka
Fondue
Amok de pescado
Laplap
Lakror
Lablabi
Ensalada mashwía
Joumou
Choripán
Cachupa
Kushari
Sosatie
Biltong
Pollo moambé
Merguez salchicha
Ensalada Waldorf
Shawarma
Dambou
Ugali
Fattush
Laksa
Salsa de modica
 
Estadísticas de respuestas
Respuesta % Correcto
Pollo moambé
45%
Ndolé
41%
Tayín
34%
Calulu
31%
Ensalada mashwía
28%
Dambou
21%
Shakshuka
21%
Cachupa
17%
Injera y wot
17%
Kushari
17%
Ugali
14%
Lablabi
10%
Sosatie
10%
Merguez salchicha
7%
Biltong
3%
Salsa de modica
3%
No se encontraron pruebas coincidentes
Distribución de puntuación
Porcentaje de gente con cada puntuación
Porcentaje por número respondido
Historial de tus puntuaciones
No has intentado esta prueba.